Détournements des tubes de l'été - Statistiques

Statistiques générales
  • Ce quiz a été pris 57 fois
  • Le résultat moyen est 11 sur 24
Statistiques - réponses
Hint Réponse % Correct
Tube : "À l'ombre" de Jenifer Au soleil
98%
Tube : "Toi... nymphette" d'Alizée Moi...Lolita
95%
Tube : "Chuter le pantalon" de Zebda Tomber la chemise
95%
Tube : "Loin de toi" de Lorie Près de moi
84%
Tube : "Cette journée-ci" de Yannick Ces soirées-là
79%
Film : "Les Cuivrés" de Patrice Leconte Les Bronzés
74%
Tube : "Samba n°10" de Lou Bega Mambo n°5
63%
Film : "L'automne tueur" de Jean Becker L'été meurtrier
60%
Tube : "C'est moche la noblesse" de Discobitch C'est beau la bourgeoisie
58%
Film : "Le Bassin" de Jacques Deray La Piscine
58%
Film : "Ma mère, cette conquérante" de Gérard Lauzier Mon père, ce héros
56%
Film : "Éclaireur jamais..." de Gérard Jugnot Scout toujours...
56%
Tube : "Mister Bivouac" de Boris Miss Camping
51%
Film : "Le Petit Apprenti" de Luc Besson Le Grand Bleu
47%
Saga : "Menhir" avec Ingrid Chauvin Dolmen
44%
Film : "La Considération" de Jean-Luc Godard Le Mépris
28%
Saga : "Le Palais des picholiniers" avec Brigitte Fossey Le Château des oliviers
21%
Saga : "Atlantique" avec Ingrid Chauvin Méditerranée
21%
Saga : "L'Hiver magenta" avec Charlotte Kady et Georges Corraface L'Été rouge
16%
Saga :"Mistral" avec Alexandra Vandernoot Tramontane
16%
Film : "Le mois des cnidaires" de Christopher Frank L'année des méduses
14%
Saga : "Le Sésame des pâturages" avec Christine Boisson La Clé des champs
7%
Saga : "La Psyché de la baille" avec Cristiana Reali Le Miroir de l'eau
2%
Saga d'été : "Les Myocardes carbonisés" avec Mireille Darc Les Coeurs brisés
0%
Aucun quiz correspondant
Distribution des résultats
% des personnes avec chaque résultat
Percentile par nombre de réponses
Votre historique - résultats
Vous n’avez pas pris ce quiz